| 000 | 00000nam##2200000za#4500 |
| 001 | 9.601094 |
| 003 | CaOODSP |
| 005 | 20220901164725 |
| 007 | cr ||||||||||| |
| 008 | 150406|2002||||xxc|||||o f|0| 0 fre|d |
| 040 | |aCaOODSP|bfre |
| 043 | |an-cn--- |
| 086 | 1 |aJ3-10/12F-PDF |
| 110 | 1 |aCanada.|bJustice Canada. |
| 245 | 10|aPortrait des services d'aide juridique en matière de droit de la famille au Canada / |h[ressource électronique]|c[par] Lorne D. Bertrand ... [et al.]. |
| 260 | |aOttawa - Ontario : |bJustice Canada |cJuin 2002. |
| 300 | |a66p.|bréférences, tableaux |
| 490 | 1 |aSérie de recherches sur l'aide juridique|vrr03lars-12f |
| 590 | |a11-09-Supp|b2011-06-30 |
| 720 | 1 |aBertrand, Lorne D. |
| 775 | 08|tA profile of legal aid services in family law matters in Canada / |w(CaOODSP)9.570348 |
| 830 | #0|aSérie de recherches sur l'aide juridique ;|vrr03lars-12f|w(CaOODSP)9.502071 |
| 856 | 40|ahttp://publications.gc.ca|qPDF|s874 Ko|uhttps://publications.gc.ca/collections/collection_2011/jus/J3-10-12-fra.pdf|yrr03lars-12f |